Bharath: (Record no. 211927)

MARC details
000 -LEADER
fixed length control field 00596nam a22001937a 4500
005 - DATE AND TIME OF LATEST TRANSACTION
control field 20250624144412.0
010 ## - LCCN (DPL NO)
LC control number ENG-145544
020 ## - INTERNATIONAL STANDARD BOOK NUMBER
International Standard Book Number 9788173731050
Terms of availability 500.00
035 ## - SYSTEM CONTROL NUMBER
System control number EN-129076
037 ## - SOURCE OF ACQUISITION
Source of stock number/acquisition DBAD
082 ## - DEWEY DECIMAL CLASSIFICATION NUMBER
Classification number 305.513
Edition number 1
245 ## - TITLE STATEMENT
Title Bharath:
Remainder of title An Epic of the Dungri Bhils/
Statement of responsibility, etc Edited by Bhagwan Das Patel
250 ## - EDITION STATEMENT
Edition statement 1
260 ## - PUBLICATION, DISTRIBUTION, ETC. (IMPRINT)
Place of publication, distribution, etc Mysore
Name of publisher, distributor, etc Central Institute of Indian Language
Date of publication, distribution, etc 2012
270 ## - ADDRESS
Address Manasagangotri P. O. Hunsur Road
City Mysore
Postal code 570006
300 ## - PHYSICAL DESCRIPTION
Extent 426p.
Dimensions 21cm.(Pb)
700 ## - ADDED ENTRY--PERSONAL NAME
Personal name Patel, Bhagwandas
9 (RLIN) 82298
942 ## - ADDED ENTRY ELEMENTS (KOHA)
Source of classification or shelving scheme Dewey Decimal Classification
Item type English Books
Classification part 305.513
Call number suffix BHA
Edition 1
Holdings
Withdrawn status Lost status Not for loan Collection code Home library Current library Date acquired Source of acquisition Cost, normal purchase price Full call number Barcode Copy number Cost, replacement price Koha item type
    Not For Loan Non-fiction D.B.Act.Division D.B.Act.Division 24/06/2025 DBAD 500.00 305.513 BHA EN-129076 1 500.00 English Books

© Delhi Public Library
Hit Counter
free hit counter